Daňové a odvodové zaťaženie podnikateľov diplomová práca

Guardado en:
Detalles Bibliográficos
Autor principal: Pálešová, Lenka
Autor Corporativo: Ekonomická univerzita v Bratislave. Fakulta podnikového manažmentu
Otros Autores: Bujnová, Darina
Formato: Libro
Lenguaje:eslovaco
Publicado: Bratislava 2010
Etiquetas: Agregar Etiqueta
Sin Etiquetas, Sea el primero en etiquetar este registro!

MARC

LEADER 00000nam a2200000 4500
001 0122442
005 20240318121920.5
041 0 |a slo 
044 |a SK 
245 1 0 |a Daňové a odvodové zaťaženie podnikateľov  |b diplomová práca  |c Lenka Pálešová ; škol. Darina Bujnová 
264 1 |a Bratislava  |c 2010 
300 |a 77 s. 
100 1 |a Pálešová, Lenka 
700 1 |a Bujnová, Darina 
710 2 |a Ekonomická univerzita v Bratislave. Fakulta podnikového manažmentu